Modelos de familia: ¿qué es lo que de verdad cuenta?
Uloženo v:
| Hlavní autor: | |
|---|---|
| Médium: | Kniha |
| Jazyk: | španělština |
| Vydáno: |
Barcelona
Graó
2006
|
| Vydání: | 1a. ed |
| Edice: | Comunidad Educativa
Colección Familia y Educación, 9 |
| Témata: | |
| Tagy: |
Přidat tag
Žádné tagy, Buďte první, kdo vytvoří štítek k tomuto záznamu!
|
MARC
| LEADER | 00000nam a2200000 a 4500 | ||
|---|---|---|---|
| 001 | UCG3558 | ||
| 003 | CL-VaPUC | ||
| 008 | 100902e20061000SP |||||||||||||||||spa|d | ||
| 020 | |a 9788478274604 | ||
| 082 | 0 | 4 | |a 306.85 |b GOL |2 21 |
| 100 | 0 | |a Golombok, Susan |e author |9 552786 | |
| 245 | 1 | 0 | |a Modelos de familia: ¿qué es lo que de verdad cuenta? |
| 250 | |a 1a. ed | ||
| 300 | |a 208 p | ||
| 942 | |c BK | ||
| 945 | |d 20100902 00:00:00 |a mfarfan | ||
| 260 | |a Barcelona |b Graó |c 2006 | ||
| 650 | 0 | |a Familias |9 255641 | |
| 650 | 0 | |a Padres e hijos |9 307753 | |
| 650 | 0 | |a Orientación sexual |9 532780 | |
| 650 | 7 | |a MATRIMONIO |2 CL-VaPUC |9 552787 | |
| 583 | |a last modification |c 20100902 00:00:00 |k Rodrigo Vera | ||
| 490 | 0 | |a Comunidad Educativa | |
| 490 | 0 | |a Colección Familia y Educación, 9 | |
| 999 | |c 342612 |d 342610 | ||
| 952 | |0 0 |1 0 |4 0 |6 306_850000000000000_GOL_2006 |7 0 |8 A |9 438985 |a BIBEDU |b BIBEDU |d 2019-11-22 |i 4716590 |l 2 |o 306.85 GOL 2006 |p 4716590 |r 2023-03-01 |s 2022-12-06 |w 2019-11-22 |y BK |k PAR | ||
| 952 | |0 0 |1 0 |4 0 |6 306_850000000000000_GOL_2006 |7 0 |8 A |9 438986 |a BIBEDU |b BIBEDU |d 2019-11-22 |i 4716604 |o 306.85 GOL 2006 |p 4716604 |r 2019-11-22 |w 2019-11-22 |y BK |k PAR | ||
| 952 | |0 0 |1 0 |4 0 |6 306_850000000000000_GOL_2006 |7 0 |8 A |9 438987 |a BIBEDU |b BIBEDU |d 2019-11-22 |i 4732502 |o 306.85 GOL 2006 |p 4732502 |r 2019-11-22 |w 2019-11-22 |y BK |k EPE | ||